000
002680000a22000970004500
100
1
_a
Huytchinson Miller, Carmen
245
1
0
_a
Fe y conquista desde una madre negra
300
_a
Vol. 12, Num. 1 (Junio, 1992), Páginas 44-49
773
0
_t
Vida y pensamiento
942
_c
ANA
999
_c
53016
_d
53016